The Law Reports: King's Bench Division (Record no. 1600)

MARC details
000 -LEADER
fixed length control field 00447nam a22001577a 4500
005 - DATE AND TIME OF INPUT
control field 20240503104337.0
008 - DATA ELEMENTS--GENERAL INFORMATION
fixed length control field 240503b |||||||| |||| 00| 0 eng d
041 ## - LANGUAGE CODE
Language code of text English
082 ## - SHELF NUMBER
DDC number 349 LAW
100 ## - MAIN AUTHOR
Language of a work English
245 ## - TITLE STATEMENT
Title The Law Reports: King's Bench Division
260 ## - PUBLICATION, DISTRIBUTION, ETC.
Place of publication, distribution, etc. London:
Name of publisher, distributor, etc. THE COUNCIL,
Date of publication, distribution, etc. 1932
300 ## - PHYSICAL DESCRIPTION
Other physical details xxv, 804 pages;
Dimensions 25 cm.
650 ## - SUBJECT`
Broad subject legal practice
Own subject terms Law
942 ## - ADDED ENTRY ELEMENTS (KOHA)
Item type Books
942 ## - ADDED ENTRY ELEMENTS (KOHA)
-- ALISON_BN_VRIES
Holdings
Source of classification or shelving scheme Volume number (bound volume or other part) Not for loan Collection code Home library Current library Shelving location Date acquired Full call number Barcode Price effective from Koha item type
Dewey Decimal Classification 1932 - Vol.1   ALL ENGLAND LAW REPORTS LAW SOCIETY OF NAMIBIA LIBRARY - WINDHOEK LAW SOCIETY OF NAMIBIA LIBRARY - WINDHOEK Queen’s Bench division 05/03/2024 349 LAW LSN/2023/1618 05/03/2024 Books
Dewey Decimal Classification 1932 - Vol.2   ALL ENGLAND LAW REPORTS LAW SOCIETY OF NAMIBIA LIBRARY - WINDHOEK LAW SOCIETY OF NAMIBIA LIBRARY - WINDHOEK Queen’s Bench division 05/03/2024 349 LAW LSN/2023/1619 05/03/2024 Books